000 01046nam a2200229Ia 4500
001 11146
003 GE_BSU
008 181216s||||||||xx |||||||||||||| ||und||
020 _a97899941223747
040 _cGE_BSU
080 _a327.2(73)
100 _aბაჟუნაიშვილი,ლაშა
245 _aბირთვული სინდრომი და შეერთებული შტატების სტრატეგია სპარსეთის ყურეში.
245 _cრედ:ირაკლი გორგილაძე
260 _aთბილისი.
260 _bუნივერსალი
260 _c2014
300 _a225გვ;23სმ;ფოტო.პორტ.
300 _bბიბლიოგრაფ:გვ.200-215
653 _aამერიკის შეერთებული შტატების პოლიტიკა ირანში მეოცე საუკუნის მეორე ნახევარში.
942 _cBK
999 _c44384
_d44384